| 000 | 01354nam a2200325 i 4500 | ||
|---|---|---|---|
| 001 | 768714001 | ||
| 003 | CO-MdFUSB | ||
| 005 | 20250531133634.0 | ||
| 007 | ta | ||
| 008 | 200611t1997 -usa|||| |||| 00| 0 eng d | ||
| 020 | _a0912315911 | ||
| 040 |
_aCO-MdFUSB _bspa _cCO-MdFUSB _dCO-MdFUSBC _erda |
||
| 041 | _aeng | ||
| 082 |
_223 _a248.4891 _bB518 |
||
| 100 |
_aBernard, David K., _d1956- _eautor |
||
| 245 |
_aPractical holiness : _b a second look _c/ David K. Bernard |
||
| 264 | 1 |
_aHazelwood, Mo. : _bWord Aflame Press, _c[1997] |
|
| 264 | 4 | _c© 1997 | |
| 300 |
_a334 páginas _c; 21 cm |
||
| 336 |
_2rdacontent _atexto _btxt |
||
| 337 |
_2rdamedia _asin mediación _bn |
||
| 338 |
_2rdacarrier _avolumen _bnc |
||
| 505 | _aEl cristiano y el pecado. -- Principios generales de santidad. -- Los peligros del legalismo. -- Libertad cristiana. -- Santidad práctica en la historia de la iglesia. -- Televisión y películas. -- Enseñanza bíblica sobre el adorno y la vestimenta. -- Enseñanza histórica sobre adorno y vestimenta. -- Cabello. -- Mayordomía del cuerpo. -- La santidad del matrimonio. -- La santidad de la vida humana. Astrología. -- Diversiones mundanas. | ||
| 563 | _aRústico | ||
| 650 | 0 |
_919 _aVida cristiana |
|
| 653 | _aCreencias -- Iglesia Unitaria. | ||
| 942 | _cBK | ||
| 945 | _aJTF-925 | ||
| 999 |
_c66104 _d66104 |
||